[Event "Championnat de la Loire jeunes"]
[Site "?"]
[Date "2000.12.03"]
[Round "4"]
[White "Vernay, Clovis"]
[Black "Valet, Godeffroy"]
[Result "1/2-1/2"]
[WhiteElo "1580"]
[BlackElo "1420"]
[PlyCount "122"]

1. d4 d5 2. c4 c6 3. Nc3 Nf6 4. Nf3 Bf5 5. Bf4 e6 6. e3 Nh5 7. Bg3 Nxg3 8. hxg3
Nd7 9. Nh4 Qf6 10. Nxf5 Qxf5 11. Bd3 Qf6 12. c5 b6 13. Qa4 Rc8 14. Qa6 Qd8 15.
b4 Qc7 16. Rb1 Nb8 17. Qa4 Qb7 18. O-O h5 19. f3 h4 20. gxh4 Rxh4 21. Kf2 Be7
22. Rh1 Rxh1 23. Rxh1 bxc5 24. bxc5 Qb2+ 25. Qc2 Qxc2+ 26. Bxc2 Na6 27. Rb1 Rb8
28. Rxb8+ Nxb8 29. Ba4 Kd7 30. e4 Kc7 31. Ke3 Na6 32. a3 Bh4 33. Ne2 Be7 34.
Bc2 e5 35. exd5 cxd5 36. a4 exd4+ 37. Kxd4 Kc6 38. Bb3 Bxc5+ 39. Ke5 Nb4 40.
Nd4+ Bxd4+ 41. Kxd4 f6 42. f4 g6 43. g4 a6 44. g5 f5 45. Bd1 Kd6 46. Bb3 Nc6+
47. Kd3 Kc5 48. Ke3 d4+ 49. Kd2 Nb4 50. Bf7 Nd5 51. Bxg6 Nxf4 52. Bxf5 Kb4 53.
g6 Nxg6 54. Bxg6 Kxa4 55. Kd3 Kb3 56. Bf7+ Kb2 57. Kxd4 a5 58. Kc5 a4 59. Kb4
a3 60. Ka4 a2 61. Bxa2 Kxa2 1/2-1/2

[Event "Championnat de la Loire jeunes"]
[Site "?"]
[Date "2000.12.03"]
[Round "4"]
[White "Reissier, Jordan"]
[Black "Djaballah, Rayan"]
[Result "0-1"]
[WhiteElo "1150"]
[BlackElo "1099"]
[PlyCount "156"]

1. d4 d5 2. g3 Nc6 3. Nf3 Nf6 4. Bg2 e6 5. O-O Bd6 6. Bg5 Be7 7. e3 O-O 8. Nbd2
Bd7 9. Ne5 Nxe5 10. dxe5 Bb5 11. Re1 b6 12. Bxf6 Bxf6 13. exf6 Qxf6 14. Qf3
Qxb2 15. Rab1 Qxc2 16. Qd1 Qxd1 17. Rexd1 Bd3 18. Rb3 Bc2 19. Rdb1 Bxb1 20.
Rxb1 a5 21. h4 g6 22. Kf1 Kg7 23. Ke2 Rab8 24. Rh1 c5 25. h5 c4 26. Nb1 b5 27.
f4 Kh6 28. hxg6+ Kxg6 29. g4 b4 30. f5+ Kg5 31. Bf3 h6 32. Rh5+ Kf6 33. Rxh6+
Kg7 34. g5 b3 35. axb3 cxb3 36. f6+ Kg8 37. Bh5 Rbc8 38. g6 fxg6 39. Rxg6+ Kf7
40. Rh6+ Kg8 41. Bg6 Rxf6 42. Bh7+ Kg7 43. Rxf6 Kxf6 44. e4 dxe4 45. Bxe4 Ke5
46. Bd3 Rc5 47. Nd2 b2 48. Nb3 Rc3 49. Nxa5 Kd4 50. Bb1 Rc1 51. Bh7 Kc3 52. Ke3
b1=Q 53. Bxb1 Rxb1 54. Ke4 Kb4 55. Nc6+ Kc5 56. Nd8 Kd6 57. Nf7+ Ke7 58. Ng5
Re1+ 59. Kd4 Kd6 60. Kd3 e5 61. Nf3 Rf1 62. Ke2 Ra1 63. Ke3 Ra4 64. Ng5 Kd5 65.
Ke2 Ra3 66. Kd2 Kd4 67. Kc2 e4 68. Kb2 Rg3 69. Ne6+ Kd3 70. Nc5+ Kd4 71. Ne6+
Ke5 72. Nc5 e3 73. Nd3+ Ke4 74. Ne1 e2 75. Kc2 Ke3 76. Kc3 Rg1 77. Nc2+ Kf2 78.
Kd2 e1=Q+ 0-1

[Event "Championnat de la Loire jeunes"]
[Site "?"]
[Date "2000.12.03"]
[Round "4"]
[White "Vocanson, Thibaut"]
[Black "Benvenuto, Heloise"]
[Result "1-0"]
[WhiteElo "1009"]
[BlackElo "1099"]
[PlyCount "85"]

1. e4 e5 2. Nf3 f6 3. Nc3 Bb4 4. a3 Bc5 5. d3 f5 6. Bg5 Nf6 7. exf5 h6 8. Bh4
g5 9. Bg3 h5 10. Bxe5 O-O 11. Bxf6 Qe8+ 12. Ne2 Rxf6 13. g3 Be3 14. fxe3 Qxe3
15. Nxg5 Qxg5 16. Nd4 Rf7 17. Be2 d5 18. Bxh5 Bxf5 19. Bxf7+ Kxf7 20. Nxf5 Qxf5
21. Rf1 Kg6 22. Rxf5 Kxf5 23. Qh5+ Ke6 24. Kf2 Nc6 25. Re1+ Kd6 26. Qh6+ Kc5
27. b4+ Kb5 28. Qh5 Rf8+ 29. Ke2 Nd4+ 30. Kd2 Nf3+ 31. Ke2 Nxe1 32. Kxe1 Ka4
33. Qxd5 Kxa3 34. Qc5 Re8+ 35. Kf2 b6 36. Qxc7 Kb2 37. Qxa7 Kxc2 38. Qxb6 Kd2
39. h4 Re2+ 40. Kf3 Re3+ 41. Qxe3+ Kc3 42. h5 Kxb4 43. h6 1-0

[Event "Championnat de la Loire jeunes"]
[Site "?"]
[Date "2000.12.03"]
[Round "5"]
[White "Treveys, Maxime"]
[Black "Pinte, Damien"]
[Result "1-0"]
[WhiteElo "1340"]
[BlackElo "1199"]
[PlyCount "49"]

1. c4 c5 2. Nf3 d6 3. g3 Nc6 4. Bg2 Nf6 5. O-O e6 6. Qc2 Be7 7. a3 O-O 8. b3
Bd7 9. Bb2 d5 10. Ng5 d4 11. e3 e5 12. Bd5 h6 13. Ne4 Bf5 14. Nxf6+ Bxf6 15.
Qxf5 Ne7 16. Qf3 Rb8 17. d3 Qd7 18. Nd2 Qh3 19. Qg2 Qg4 20. Bf3 Qe6 21. Rfe1
Bg5 22. Ne4 Qg6 23. Nxg5 Qxg5 24. Bc1 Nf5 25. e4 1-0

[Event "Championnat de la Loire jeunes"]
[Site "?"]
[Date "2000.12.03"]
[Round "5"]
[White "Reissier, Amandine"]
[Black "Reissier, Aymeric"]
[Result "0-1"]
[WhiteElo "1320"]
[BlackElo "1350"]
[PlyCount "48"]

1. d4 d5 2. Bf4 Nf6 3. e3 Nbd7 4. Bd3 e6 5. Ne2 Bd6 6. O-O Bxf4 7. exf4 Ng4 8.
Re1 Qh4 9. h3 Nxf2 10. Qd2 Nxd3 11. cxd3 c5 12. Rf1 c4 13. dxc4 dxc4 14. b3
cxb3 15. axb3 O-O 16. g3 Qxh3 17. Rf2 Nf6 18. Rh2 Qg4 19. Nbc3 b6 20. Nd1 Bb7
21. Rf2 Ne4 22. Qe1 Nxf2 23. Nxf2 Qf3 24. Rb1 Qg2# 0-1

[Event "Championnat de la Loire jeunes"]
[Site "?"]
[Date "2000.12.03"]
[Round "5"]
[White "Bruyas, Benjamin"]
[Black "Jourdy, Yohann"]
[Result "1-0"]
[WhiteElo "1199"]
[BlackElo "1199"]
[PlyCount "75"]

1. e4 e5 2. Nf3 Nc6 3. Bb5 a6 4. Ba4 Nf6 5. d3 Bc5 6. Nc3 Ng4 7. O-O d6 8. Nd5
b5 9. Bb3 Be6 10. Ng5 Na5 11. Nxe6 Qh4 12. h3 Bxf2+ 13. Kh1 Kd7 14. Qf3 fxe6
15. Ne3 Nxe3 16. Bxe3 Rhf8 17. Qe2 Bxe3 18. Qxe3 Nc6 19. c3 Ne7 20. d4 exd4 21.
cxd4 Ng6 22. d5 Nf4 23. Kh2 e5 24. a4 Qh6 25. Qg3 Ne2 26. Qg4+ Ke7 27. Qxe2 Rf7
28. axb5 Raf8 29. Rxf7+ Rxf7 30. bxa6 Qh4 31. Qg4 Qf2 32. Qg5+ Rf6 33. Qxg7+
Kd8 34. a7 Qf4+ 35. Kh1 Rf7 36. Qg8+ Ke7 37. a8=Q Rf8 38. Qe6# 1-0

[Event "Championnat de la Loire jeunes"]
[Site "?"]
[Date "2000.12.03"]
[Round "5"]
[White "Bech, Mickael"]
[Black "Farge, Damien"]
[Result "0-1"]
[WhiteElo "1199"]
[BlackElo "1299"]
[PlyCount "102"]

1. d4 d5 2. e3 Nf6 3. Bb5+ c6 4. Bf1 Bg4 5. f3 Bd7 6. c3 e6 7. b4 Bd6 8. a3 O-O
9. Nh3 Bc8 10. Bd3 a5 11. bxa5 Rxa5 12. O-O b5 13. c4 bxc4 14. Bc2 Ba6 15. Bd2
Rb5 16. f4 Nbd7 17. a4 Rb2 18. Bc1 Rb7 19. Nc3 e5 20. dxe5 Bxe5 21. fxe5 Nxe5
22. Ba3 c5 23. Bxc5 Re8 24. Rb1 Qb8 25. a5 Nfg4 26. Rf4 h5 27. Rf1 Bb5 28. Nxb5
Rxb5 29. Bd4 f5 30. Bxe5 Rxe5 31. Ba4 Nxe3 32. Bxb5 Nxd1 33. Rbxd1 Qxb5 34. Rb1
Qxa5 35. Ra1 Qc7 36. Nf4 Qc6 37. Nxh5 c3 38. Rfe1 Rxe1+ 39. Rxe1 c2 40. Rc1 d4
41. Nf4 Qc4 42. h4 d3 43. h5 d2 44. Rf1 d1=R 45. Rxd1 cxd1=R+ 46. Kh2 Qxf4+ 47.
Kh3 Qg4+ 48. Kh2 Qxh5+ 49. Kg3 Rd3+ 50. Kf4 Qg4+ 51. Ke5 Qe4# 0-1

[Event "Championnat de la Loire jeunes"]
[Site "?"]
[Date "2000.12.03"]
[Round "5"]
[White "Valet, Godeffroy"]
[Black "Djaballah, Rayan"]
[Result "1-0"]
[WhiteElo "1420"]
[BlackElo "1099"]
[PlyCount "147"]

1. e4 e5 2. f4 Nc6 3. fxe5 Nxe5 4. Nf3 Bd6 5. d4 Nxf3+ 6. Qxf3 Be7 7. Bc4 Nf6
8. e5 d5 9. exf6 dxc4 10. fxe7 Qxe7+ 11. Qe3 Qxe3+ 12. Bxe3 b5 13. O-O O-O 14.
Nc3 a6 15. Rf3 Bb7 16. Rg3 Rfe8 17. Bh6 Re6 18. Bxg7 Rae8 19. Bh6+ Kh8 20. Bf4
Rg8 21. Be5+ f6 22. Rxg8+ Kxg8 23. Bf4 c6 24. Rf1 Re7 25. Bh6 Kf7 26. Bg5 Ke8
27. Bxf6 Rf7 28. Be5 Rxf1+ 29. Kxf1 Bc8 30. Ne4 Bg4 31. h3 Bf5 32. Nd6+ Ke7 33.
Nxf5+ Ke6 34. Nd6 Kd5 35. Ne8 Ke6 36. Nf6 h6 37. Ng4 h5 38. Nf6 h4 39. Ne4 Kf5
40. Nc5 a5 41. Bc7 a4 42. Nd7 Ke6 43. Ne5 Kf5 44. Nxc6 Ke4 45. Ke2 Kf5 46. Kf3
Kg5 47. Ke4 Kh5 48. Kf5 Kh6 49. Kg4 Kg6 50. Kxh4 Kf6 51. Kg4 Ke6 52. Nb4 Kd7
53. Kf5 Kxc7 54. Kf6 Kb6 55. g4 Ka5 56. Nd5 b4 57. g5 Kb5 58. g6 b3 59. axb3
axb3 60. cxb3 cxb3 61. g7 Kc4 62. g8=Q Kd3 63. Qe6 Kc2 64. Qe2+ Kb1 65. Nc3+
Ka1 66. Qd1+ Kxb2 67. Na4+ Ka3 68. Qa1+ Kb4 69. Ke5 Kc4 70. Ke4 Kb4 71. Kd5 b2
72. Qxb2+ Kxa4 73. Kc4 Ka5 74. Qb5# 1-0

[Event "Championnat de la Loire jeunes"]
[Site "?"]
[Date "2000.12.03"]
[Round "5"]
[White "Vocanson, Thibaut"]
[Black "Vernay, Clovis"]
[Result "0-1"]
[WhiteElo "1009"]
[BlackElo "1580"]
[PlyCount "32"]

1. e4 c5 2. Nf3 d6 3. Nc3 Nc6 4. Bb5 e6 5. O-O Be7 6. g3 Nf6 7. d3 O-O 8. Bg5
Bd7 9. Bxc6 Bxc6 10. Bxf6 Bxf6 11. b3 Bxc3 12. Rb1 d5 13. exd5 exd5 14. Qc1 d4
15. Ng5 Qd5 16. a3 Qh1# 0-1

[Event "Championnat de la Loire jeunes"]
[Site "?"]
[Date "2000.12.03"]
[Round "5"]
[White "Benvenuto, Heloise"]
[Black "Reissier, Jordan"]
[Result "0-1"]
[WhiteElo "1099"]
[BlackElo "1150"]
[PlyCount "96"]

1. e4 e6 2. Qh5 g6 3. Qe5 f6 4. Qd4 Qe7 5. Bc4 Qc5 6. Qxc5 Bxc5 7. d4 Bxd4 8.
Be3 Bxe3 9. fxe3 Ne7 10. Nc3 O-O 11. Bxe6+ dxe6 12. O-O-O Nbc6 13. Nf3 Rd8 14.
Rxd8+ Nxd8 15. Nb5 f5 16. Nxc7 Rb8 17. Ne5 Ndc6 18. Nxc6 Nxc6 19. Rd1 fxe4 20.
Rd6 a6 21. Nxa6 h5 22. Nxb8 Nxb8 23. Rxe6 Bxe6 24. h3 Bxa2 25. g4 hxg4 26. hxg4
Be6 27. b3 Bxg4 28. c4 Nc6 29. b4 Nxb4 30. c5 Nd3+ 31. Kd2 Nxc5 32. Kc2 b5 33.
Kc3 Be2 34. Kb4 g5 35. Kxc5 g4 36. Kc6 g3 37. Kb6 g2 38. Kc7 g1=R 39. Kc8 b4
40. Kd8 b3 41. Ke7 b2 42. Ke6 b1=R 43. Kf6 Rb5 44. Ke7 Rb6 45. Ke8 Rb7 46. Kd8
Ra1 47. Kc8 Rh7 48. Kd8 Ra8# 0-1